[Event "Grand Swiss "]
[Date "2025.09.14"]
[White "Gelfand, Boris"]
[Black "Goryachkina, Aleksandra"]
[WhiteElo "2652"]
[BlackElo "2528"]
[Round "9.9.41"]
[Result "0-1"]

1. d4 {[%clk 01:40:57] [%emt 00:00:02]} Nf6 {[%clk 01:40:45] [%emt 00:00:15]} 2.
c4 {[%clk 01:41:22] [%emt 00:00:05]} e6 {[%clk 01:41:00] [%emt 00:00:15]} 3. Nc3
{[%clk 01:41:49] [%emt 00:00:03]} d5 {[%clk 01:40:45] [%emt 00:00:45]} 4. Bg5
{[%clk 01:41:28] [%emt 00:00:52]} Be7 {[%clk 01:40:03] [%emt 00:01:11]} 5. e3
{[%clk 01:39:45] [%emt 00:02:12]} h6 {[%clk 01:38:09] [%emt 00:02:24]} 6. Bxf6
{[%clk 01:32:47] [%emt 00:07:28]} Bxf6 {[%clk 01:38:32] [%emt 00:00:08]} 7. cxd5
{[%clk 01:31:54] [%emt 00:01:24]} exd5 {[%clk 01:38:54] [%emt 00:00:07]} 8. Qb3
{[%clk 01:32:22] [%emt 00:00:02]} c6 {[%clk 01:38:27] [%emt 00:00:57]} 9. Nf3
{[%clk 01:30:59] [%emt 00:01:52]} Nd7 {[%clk 01:35:43] [%emt 00:03:14]} 10. Bd3
{[%clk 01:29:27] [%emt 00:02:02]} O-O {[%clk 01:34:46] [%emt 00:01:27]} 11. O-O
{[%clk 01:22:31] [%emt 00:07:26]} Re8 {[%clk 01:33:18] [%emt 00:01:58]} 12. Rad1
{[%clk 01:21:41] [%emt 00:01:19]} Nf8 {[%clk 01:29:37] [%emt 00:04:11]} 13. h3
{[%clk 01:20:47] [%emt 00:01:25]} Ne6 {[%clk 01:27:15] [%emt 00:02:52]} 14. Bb1
{[%clk 01:15:37] [%emt 00:05:40]} Nc7 {[%clk 01:18:56] [%emt 00:08:49]} 15. Rfe1
{[%clk 01:06:31] [%emt 00:09:37]} Rb8 {[%clk 01:09:27] [%emt 00:09:58]} 16. e4
{[%clk 01:04:39] [%emt 00:02:21]} dxe4 {[%clk 01:08:01] [%emt 00:01:57]} 17.
Nxe4 {[%clk 01:04:02] [%emt 00:01:07]} Bf5 {[%clk 00:59:50] [%emt 00:08:41]} 18.
Nxf6+ {[%clk 00:52:36] [%emt 00:11:56]} Qxf6 {[%clk 00:59:44] [%emt 00:00:36]}
19. Rxe8+ {[%clk 00:52:55] [%emt 00:00:11]} Nxe8 {[%clk 00:57:31] [%emt
00:02:42]} 20. Ne5 {[%clk 00:40:57] [%emt 00:12:28]} Be6 {[%clk 00:52:10] [%emt
00:05:51]} 21. Qd3 {[%clk 00:37:06] [%emt 00:04:21]} Rd8 {[%clk 00:44:26] [%emt
00:08:14]} 22. Re1 {[%clk 00:35:23] [%emt 00:02:14]} Qf4 {[%clk 00:33:22] [%emt
00:11:34]} 23. Qh7+ {[%clk 00:24:38] [%emt 00:11:15]} Kf8 {[%clk 00:33:50] [%emt
00:00:02]} 24. Bg6 {[%clk 00:25:01] [%emt 00:00:07]} Qd2 {[%clk 00:20:51] [%emt
00:13:29]} 25. Nf3 {[%clk 00:22:08] [%emt 00:03:23]} Qf4 {[%clk 00:16:26] [%emt
00:04:55]} 26. Ne5 {[%clk 00:15:33] [%emt 00:07:05]} Qd2 {[%clk 00:16:32] [%emt
00:00:24]} 27. Nf3 {[%clk 00:15:32] [%emt 00:00:32]} Qf4 {[%clk 00:16:48] [%emt
00:00:13]} 28. Re3 {[%clk 00:15:17] [%emt 00:00:46]} Qf6 {[%clk 00:14:46] [%emt
00:02:32]} 29. Bc2 {[%clk 00:12:42] [%emt 00:03:05]} g5 {[%clk 00:10:18] [%emt
00:04:59]} 30. Qd3 {[%clk 00:11:52] [%emt 00:01:21]} Nd6 {[%clk 00:08:17] [%emt
00:02:30]} 31. Ne5 {[%clk 00:11:51] [%emt 00:00:30]} Nb5 {[%clk 00:07:26] [%emt
00:01:22]} 32. Rf3 {[%clk 00:09:37] [%emt 00:02:44]} Qg7 {[%clk 00:07:48] [%emt
00:00:08]} 33. Bb3 {[%clk 00:09:32] [%emt 00:00:35]} Nxd4 {[%clk 00:06:24] [%emt
00:01:54]} 34. Bxe6 {[%clk 00:09:31] [%emt 00:00:31]} Qxe5 {[%clk 00:05:17]
[%emt 00:01:37]} 35. Re3 {[%clk 00:08:31] [%emt 00:01:30]} Qc5 {[%clk 00:04:15]
[%emt 00:01:32]} 36. Bd7 {[%clk 00:04:48] [%emt 00:04:12]} Rxd7 {[%clk 00:04:28]
[%emt 00:00:18]} 37. Qh7 {[%clk 00:05:12] [%emt 00:00:06]} Ne6 {[%clk 00:03:06]
[%emt 00:01:52]} 38. Rxe6 {[%clk 00:04:58] [%emt 00:00:44]} Rd1+ {[%clk
00:03:11] [%emt 00:00:24]} 39. Kh2 {[%clk 00:05:26] [%emt 00:00:03]} fxe6 {[%clk
00:03:08] [%emt 00:00:34]} 40. Qxh6+ {[%clk 00:05:49] [%emt 00:00:08]} Ke7
{[%clk 00:02:57] [%emt 00:00:40]} 41. Qg7+ {[%clk 00:04:39] [%emt 00:01:40]} Kd8
{[%clk 00:02:04] [%emt 00:01:22]} 0-1

[Site "Europe Echecs"]

[Event "Grand Swiss "]
[Date "2025.09.14"]
[White "Aryan Chopra"]
[Black "Indjic, Aleksandar"]
[WhiteElo "2619"]
[BlackElo "2650"]
[Round "9.9.42"]
[Result "1/2-1/2"]

1. e4 {[%clk 01:40:56] [%emt 00:00:02]} e6 {[%clk 01:40:35] [%emt 00:00:26]} 2.
d4 {[%clk 01:41:19] [%emt 00:00:07]} d5 {[%clk 01:40:54] [%emt 00:00:11]} 3. Nc3
{[%clk 01:40:35] [%emt 00:01:15]} Bb4 {[%clk 01:41:15] [%emt 00:00:08]} 4. e5
{[%clk 01:40:55] [%emt 00:00:11]} c5 {[%clk 01:41:17] [%emt 00:00:27]} 5. a3
{[%clk 01:41:18] [%emt 00:00:07]} Bxc3+ {[%clk 01:41:39] [%emt 00:00:07]} 6.
bxc3 {[%clk 01:41:44] [%emt 00:00:05]} Ne7 {[%clk 01:41:53] [%emt 00:00:16]} 7.
h4 {[%clk 01:41:38] [%emt 00:00:36]} b6 {[%clk 01:40:45] [%emt 00:01:38]} 8. h5
{[%clk 01:41:13] [%emt 00:00:55]} h6 {[%clk 01:33:19] [%emt 00:07:55]} 9. Qg4
{[%clk 01:41:28] [%emt 00:00:14]} Qc7 {[%clk 01:29:37] [%emt 00:04:13]} 10. Qxg7
{[%clk 01:25:03] [%emt 00:16:56]} Rg8 {[%clk 01:30:01] [%emt 00:00:06]} 11. Qxh6
{[%clk 01:25:29] [%emt 00:00:04]} cxd4 {[%clk 01:30:26] [%emt 00:00:05]} 12. Ne2
{[%clk 01:25:49] [%emt 00:00:09]} Ba6 {[%clk 01:27:14] [%emt 00:03:42]} 13. Rh3
{[%clk 01:20:21] [%emt 00:05:58]} Bxe2 {[%clk 01:20:43] [%emt 00:07:01]} 14.
Bxe2 {[%clk 01:20:42] [%emt 00:00:10]} d3 {[%clk 01:21:07] [%emt 00:00:05]} 15.
Rxd3 {[%clk 01:19:32] [%emt 00:01:40]} Rxg2 {[%clk 01:21:31] [%emt 00:00:06]}
16. Kf1 {[%clk 01:14:08] [%emt 00:05:53]} Rg8 {[%clk 01:21:00] [%emt 00:01:01]}
17. Rf3 {[%clk 00:41:09] [%emt 00:33:30]} Qxe5 {[%clk 00:59:55] [%emt 00:21:35]}
18. Qh7 {[%clk 00:38:12] [%emt 00:03:27]} Nbc6 {[%clk 00:54:08] [%emt 00:06:17]}
19. Rxf7 {[%clk 00:21:18] [%emt 00:17:24]} a6 {[%clk 00:43:44] [%emt 00:10:54]}
20. a4 {[%clk 00:14:32] [%emt 00:07:16]} Qh2 {[%clk 00:41:55] [%emt 00:02:17]}
21. Ke1 {[%clk 00:14:49] [%emt 00:00:15]} Rg1+ {[%clk 00:36:29] [%emt 00:05:55]}
22. Kd2 {[%clk 00:15:16] [%emt 00:00:04]} Nf5 {[%clk 00:36:32] [%emt 00:00:27]}
23. Rxf5 {[%clk 00:15:07] [%emt 00:00:39]} exf5 {[%clk 00:36:58] [%emt
00:00:04]} 24. Qxf5 {[%clk 00:11:17] [%emt 00:04:20]} Qe5 {[%clk 00:37:19] [%emt
00:00:08]} 25. Qxe5+ {[%clk 00:04:15] [%emt 00:07:32]} Nxe5 {[%clk 00:37:47]
[%emt 00:00:02]} 26. c4 {[%clk 00:04:40] [%emt 00:00:06]} Nxc4+ {[%clk 00:37:49]
[%emt 00:00:27]} 27. Bxc4 {[%clk 00:05:01] [%emt 00:00:10]} dxc4 {[%clk
00:38:15] [%emt 00:00:04]} 28. Kc3 {[%clk 00:05:27] [%emt 00:00:04]} O-O-O
{[%clk 00:37:50] [%emt 00:00:55]} 29. h6 {[%clk 00:05:02] [%emt 00:00:55]} Rdd1
{[%clk 00:37:31] [%emt 00:00:49]} 30. h7 {[%clk 00:04:00] [%emt 00:01:32]} Rh1
{[%clk 00:37:55] [%emt 00:00:05]} 31. Bh6 {[%clk 00:03:51] [%emt 00:00:40]} Rh3+
{[%clk 00:35:52] [%emt 00:02:32]} 32. Kxc4 {[%clk 00:04:14] [%emt 00:00:08]} Rd8
{[%clk 00:36:16] [%emt 00:00:03]} 33. Be3 {[%clk 00:04:12] [%emt 00:00:34]} Rd6
{[%clk 00:35:36] [%emt 00:01:08]} 34. Bd4 {[%clk 00:02:53] [%emt 00:01:51]} Rxh7
{[%clk 00:35:48] [%emt 00:00:17]} 35. c3 {[%clk 00:03:20] [%emt 00:00:04]} Rf7
{[%clk 00:35:12] [%emt 00:01:06]} 36. Rg1 {[%clk 00:03:31] [%emt 00:00:20]} Kb7
{[%clk 00:35:32] [%emt 00:00:10]} 37. Rg8 {[%clk 00:03:29] [%emt 00:00:31]} Rc7+
{[%clk 00:35:56] [%emt 00:00:07]} 38. Kb3 {[%clk 00:03:50] [%emt 00:00:09]} Rd5
{[%clk 00:33:17] [%emt 00:03:07]} 39. Rf8 {[%clk 00:03:02] [%emt 00:01:19]} b5
{[%clk 00:33:24] [%emt 00:00:23]} 40. f4 {[%clk 00:03:14] [%emt 00:00:18]} bxa4+
{[%clk 00:33:16] [%emt 00:00:39]} 41. Kxa4 {[%clk 00:03:34] [%emt 00:00:10]} Rb5
{[%clk 00:32:57] [%emt 00:00:48]} 42. f5 {[%clk 00:49:33] [%emt 00:04:32]} Rc4+
{[%clk 01:09:00] [%emt 00:14:27]} 43. Ka3 {[%clk 00:49:29] [%emt 00:00:35]} Rc8
{[%clk 01:09:23] [%emt 00:00:06]} 44. Rf7+ {[%clk 00:49:34] [%emt 00:00:25]} Rc7
{[%clk 01:09:35] [%emt 00:00:17]} 45. Rf8 {[%clk 00:49:55] [%emt 00:00:10]} Kc6
{[%clk 01:04:32] [%emt 00:05:29]} 46. Rf6+ {[%clk 00:49:44] [%emt 00:00:45]} Kd5
{[%clk 01:04:41] [%emt 00:00:20]} 47. Rxa6 {[%clk 00:40:27] [%emt 00:09:49]}
Rcb7 {[%clk 01:04:48] [%emt 00:00:22]} 48. Bf6 {[%clk 00:32:28] [%emt 00:08:28]}
Rb1 {[%clk 01:03:43] [%emt 00:01:35]} 49. c4+ {[%clk 00:31:13] [%emt 00:01:46]}
Kxc4 {[%clk 01:04:07] [%emt 00:00:06]} 50. Ra4+ {[%clk 00:31:03] [%emt
00:00:40]} Kd3 {[%clk 01:04:13] [%emt 00:00:21]} 51. Rd4 {[%clk 00:30:49] [%emt
00:00:47]} Ke3 {[%clk 01:04:33] [%emt 00:00:09]} 52. Ra4 {[%clk 00:31:12] [%emt
00:00:07]} R1b5 {[%clk 01:03:59] [%emt 00:01:03]} 53. Bd4 {[%clk 00:30:18] [%emt
00:01:26]} Kd3 {[%clk 01:04:21] [%emt 00:00:07]} 54. f6 {[%clk 00:30:07] [%emt
00:00:42]} Rf5 {[%clk 01:03:52] [%emt 00:00:59]} 55. f7 {[%clk 00:26:00] [%emt
00:04:37]} Rfxf7 {[%clk 01:03:40] [%emt 00:00:42]} 56. Be5 {[%clk 00:25:07]
[%emt 00:01:23]} Rb5 {[%clk 00:59:20] [%emt 00:04:49]} 57. Bh8 {[%clk 00:25:10]
[%emt 00:00:28]} Rfb7 {[%clk 00:52:16] [%emt 00:07:34]} 58. Rd4 {[%clk 00:21:30]
[%emt 00:04:10]} Ke3 {[%clk 00:50:19] [%emt 00:02:27]} 59. Ra4 {[%clk 00:21:55]
[%emt 00:00:06]} Rb8 {[%clk 00:49:53] [%emt 00:00:55]} 60. Bg7 {[%clk 00:22:03]
[%emt 00:00:22]} Rb3+ {[%clk 00:49:41] [%emt 00:00:42]} 61. Ka2 {[%clk 00:22:31]
[%emt 00:00:02]} R3b7 {[%clk 00:49:29] [%emt 00:00:40]} 62. Be5 {[%clk 00:22:31]
[%emt 00:00:32]} Rc8 {[%clk 00:48:55] [%emt 00:01:03]} 63. Ka3 {[%clk 00:22:25]
[%emt 00:00:37]} Rb1 {[%clk 00:47:59] [%emt 00:01:22]} 64. Ka2 {[%clk 00:21:59]
[%emt 00:01:00]} Rb5 {[%clk 00:48:24] [%emt 00:00:05]} 65. Bg7 {[%clk 00:22:01]
[%emt 00:00:28]} Kd3 {[%clk 00:46:49] [%emt 00:02:03]} 66. Bf6 {[%clk 00:19:34]
[%emt 00:02:59]} Kc2 {[%clk 00:43:56] [%emt 00:03:23]} 67. Ka3 {[%clk 00:18:55]
[%emt 00:01:09]} Rb3+ {[%clk 00:44:19] [%emt 00:00:06]} 68. Ka2 {[%clk 00:19:24]
[%emt 00:00:02]} Rb6 {[%clk 00:43:37] [%emt 00:01:12]} 69. Bg7 {[%clk 00:19:24]
[%emt 00:00:30]} Rb4 {[%clk 00:43:23] [%emt 00:00:43]} 70. Ka3 {[%clk 00:19:36]
[%emt 00:00:20]} Rb7 {[%clk 00:43:45] [%emt 00:00:06]} 71. Be5 {[%clk 00:19:15]
[%emt 00:00:52]} Rc5 {[%clk 00:43:56] [%emt 00:00:18]} 72. Bf6 {[%clk 00:19:09]
[%emt 00:00:37]} Rf5 {[%clk 00:42:26] [%emt 00:01:56]} 73. Bh8 {[%clk 00:17:20]
[%emt 00:02:22]} Rf3+ {[%clk 00:38:43] [%emt 00:04:13]} 74. Ka2 {[%clk 00:17:46]
[%emt 00:00:05]} Rf2 {[%clk 00:37:11] [%emt 00:02:01]} 75. Ka3 {[%clk 00:17:05]
[%emt 00:01:11]} Rb3+ {[%clk 00:36:49] [%emt 00:00:51]} 76. Ka2 {[%clk 00:17:34]
[%emt 00:00:02]} Rb8 {[%clk 00:36:47] [%emt 00:00:29]} 77. Be5 {[%clk 00:17:39]
[%emt 00:00:29]} Rb5 {[%clk 00:35:09] [%emt 00:02:08]} 78. Bg7 {[%clk 00:17:19]
[%emt 00:00:49]} Rb7 {[%clk 00:32:17] [%emt 00:03:22]} 79. Be5 {[%clk 00:17:08]
[%emt 00:00:42]} Re2 {[%clk 00:29:14] [%emt 00:03:33]} 80. Bf6 {[%clk 00:17:23]
[%emt 00:00:15]} Re4 {[%clk 00:21:22] [%emt 00:08:21]} 81. Ra3 {[%clk 00:17:33]
[%emt 00:00:21]} Re6 {[%clk 00:21:33] [%emt 00:00:18]} 82. Bh8 {[%clk 00:16:41]
[%emt 00:01:23]} Re2 {[%clk 00:21:27] [%emt 00:00:36]} 83. Ra4 {[%clk 00:16:10]
[%emt 00:01:02]} Re4 {[%clk 00:13:48] [%emt 00:08:08]} 84. Ra3 {[%clk 00:15:32]
[%emt 00:01:09]} Rc7 {[%clk 00:14:05] [%emt 00:00:13]} 85. Bf6 {[%clk 00:14:40]
[%emt 00:01:23]} Rc8 {[%clk 00:14:16] [%emt 00:00:18]} 86. Bg7 {[%clk 00:14:36]
[%emt 00:00:34]} Rb4 {[%clk 00:12:59] [%emt 00:01:46]} 87. Bf6 {[%clk 00:14:18]
[%emt 00:00:49]} Rf4 {[%clk 00:11:54] [%emt 00:01:35]} 88. Be5 {[%clk 00:14:27]
[%emt 00:00:21]} Re4 {[%clk 00:11:42] [%emt 00:00:41]} 89. Bg7 {[%clk 00:14:48]
[%emt 00:00:09]} Re7 {[%clk 00:09:07] [%emt 00:03:05]} 90. Bf6 {[%clk 00:14:48]
[%emt 00:00:31]} Re2 {[%clk 00:09:05] [%emt 00:00:32]} 91. Bb2 {[%clk 00:12:56]
[%emt 00:02:22]} Rd2 {[%clk 00:09:29] [%emt 00:00:05]} 92. Ra4 {[%clk 00:11:16]
[%emt 00:02:10]} Rb8 {[%clk 00:09:40] [%emt 00:00:19]} 93. Bf6 {[%clk 00:11:10]
[%emt 00:00:36]} Rb6 {[%clk 00:09:05] [%emt 00:01:05]} 94. Be5 {[%clk 00:11:06]
[%emt 00:00:34]} Re2 {[%clk 00:08:22] [%emt 00:01:13]} 95. Bg7 {[%clk 00:10:28]
[%emt 00:01:08]} Re7 {[%clk 00:07:46] [%emt 00:01:04]} 96. Bh8 {[%clk 00:10:24]
[%emt 00:00:35]} Re4 {[%clk 00:07:58] [%emt 00:00:16]} 97. Ra3 {[%clk 00:10:14]
[%emt 00:00:43]} Rc4 {[%clk 00:08:23] [%emt 00:00:04]} 98. Ra5 {[%clk 00:11:25]
[%emt 00:14:19]} Kc1 {[%clk 00:23:08] [%emt 00:00:45]} 99. Ka3 {[%clk 00:11:29]
[%emt 00:00:25]} Kb1 {[%clk 00:22:41] [%emt 00:00:56]} 100. Ra4 {[%clk 00:08:41]
[%emt 00:03:20]} Rc8 {[%clk 00:20:29] [%emt 00:02:40]} 101. Bd4 {[%clk 00:08:09]
[%emt 00:01:03]} Rd6 {[%clk 00:20:20] [%emt 00:00:38]} 102. Kb3 {[%clk 00:07:46]
[%emt 00:00:54]} Rb8+ {[%clk 00:18:48] [%emt 00:02:01]} 103. Kc4 {[%clk
00:07:55] [%emt 00:00:22]} 1/2-1/2

[Site "Europe Echecs"]

[Event "Grand Swiss "]
[Date "2025.09.14"]
[White "Kollars, Dmitrij"]
[Black "Matlakov, Maxim"]
[WhiteElo "2647"]
[BlackElo "2609"]
[Round "9.9.43"]
[Result "1-0"]

1. Nf3 {[%clk 01:40:52] [%emt 00:00:07]} Nf6 {[%clk 01:40:47] [%emt 00:00:14]}
2. g3 {[%clk 01:41:07] [%emt 00:00:16]} b5 {[%clk 01:41:02] [%emt 00:00:14]} 3.
d3 {[%clk 01:38:38] [%emt 00:02:58]} e6 {[%clk 01:36:32] [%emt 00:05:00]} 4. e4
{[%clk 01:36:35] [%emt 00:02:33]} Bb7 {[%clk 01:36:29] [%emt 00:00:34]} 5. Bg2
{[%clk 01:35:43] [%emt 00:01:21]} d6 {[%clk 01:31:15] [%emt 00:05:45]} 6. c3
{[%clk 01:35:50] [%emt 00:00:23]} Nbd7 {[%clk 01:17:57] [%emt 00:13:47]} 7. a4
{[%clk 01:27:45] [%emt 00:08:36]} a6 {[%clk 01:17:03] [%emt 00:01:24]} 8. axb5
{[%clk 01:22:44] [%emt 00:05:31]} axb5 {[%clk 01:17:26] [%emt 00:00:07]} 9. Rxa8
{[%clk 01:23:06] [%emt 00:00:07]} Qxa8 {[%clk 01:15:54] [%emt 00:02:02]} 10. Na3
{[%clk 01:22:31] [%emt 00:01:05]} c6 {[%clk 01:11:32] [%emt 00:04:52]} 11. O-O
{[%clk 01:22:04] [%emt 00:00:57]} Be7 {[%clk 01:11:41] [%emt 00:00:21]} 12. Re1
{[%clk 01:16:50] [%emt 00:05:45]} O-O {[%clk 01:09:29] [%emt 00:02:42]} 13. d4
{[%clk 01:12:40] [%emt 00:04:40]} d5 {[%clk 01:02:33] [%emt 00:07:26]} 14. e5
{[%clk 00:52:32] [%emt 00:20:38]} Ne4 {[%clk 01:01:52] [%emt 00:01:10]} 15. Nc2
{[%clk 00:52:45] [%emt 00:00:17]} c5 {[%clk 01:01:26] [%emt 00:00:57]} 16. Nd2
{[%clk 00:52:18] [%emt 00:00:56]} cxd4 {[%clk 00:54:07] [%emt 00:07:50]} 17.
cxd4 {[%clk 00:50:53] [%emt 00:01:54]} Nxd2 {[%clk 00:36:57] [%emt 00:17:40]}
18. Bxd2 {[%clk 00:50:57] [%emt 00:00:25]} Rc8 {[%clk 00:37:08] [%emt 00:00:20]}
19. Qb1 {[%clk 00:43:06] [%emt 00:08:20]} Qa7 {[%clk 00:35:25] [%emt 00:02:13]}
20. b3 {[%clk 00:35:40] [%emt 00:07:56]} b4 {[%clk 00:32:29] [%emt 00:03:27]}
21. Qb2 {[%clk 00:35:06] [%emt 00:01:04]} Qb6 {[%clk 00:32:10] [%emt 00:00:50]}
22. Bf1 {[%clk 00:34:03] [%emt 00:01:33]} Nb8 {[%clk 00:31:47] [%emt 00:00:53]}
23. Rc1 {[%clk 00:30:54] [%emt 00:03:39]} h6 {[%clk 00:28:13] [%emt 00:04:04]}
24. h4 {[%clk 00:29:28] [%emt 00:01:56]} Ba6 {[%clk 00:25:37] [%emt 00:03:07]}
25. Bxa6 {[%clk 00:25:49] [%emt 00:04:09]} Nxa6 {[%clk 00:25:30] [%emt
00:00:37]} 26. Ne1 {[%clk 00:24:28] [%emt 00:01:50]} Rxc1 {[%clk 00:24:56] [%emt
00:01:04]} 27. Bxc1 {[%clk 00:24:54] [%emt 00:00:03]} Nb8 {[%clk 00:23:15] [%emt
00:02:12]} 28. Nf3 {[%clk 00:23:34] [%emt 00:01:50]} Nc6 {[%clk 00:21:17] [%emt
00:02:29]} 29. Be3 {[%clk 00:21:56] [%emt 00:02:08]} Na5 {[%clk 00:15:28] [%emt
00:06:18]} 30. Kg2 {[%clk 00:16:07] [%emt 00:06:18]} Qb5 {[%clk 00:14:41] [%emt
00:01:17]} 31. Qc2 {[%clk 00:11:08] [%emt 00:05:29]} Qc6 {[%clk 00:14:13] [%emt
00:00:57]} 32. Qa2 {[%clk 00:11:33] [%emt 00:00:06]} Qb5 {[%clk 00:14:23] [%emt
00:00:20]} 33. Bd2 {[%clk 00:10:52] [%emt 00:01:10]} Bd8 {[%clk 00:13:37] [%emt
00:01:16]} 34. Qc2 {[%clk 00:10:27] [%emt 00:00:55]} Nc6 {[%clk 00:12:38] [%emt
00:01:30]} 35. Be3 {[%clk 00:10:06] [%emt 00:00:51]} Be7 {[%clk 00:11:06] [%emt
00:02:02]} 36. h5 {[%clk 00:10:17] [%emt 00:00:20]} Bd8 {[%clk 00:08:32] [%emt
00:03:04]} 37. g4 {[%clk 00:09:50] [%emt 00:00:57]} Be7 {[%clk 00:07:36] [%emt
00:01:26]} 38. Bd2 {[%clk 00:08:41] [%emt 00:01:38]} Bf8 {[%clk 00:06:21] [%emt
00:01:45]} 39. Bf4 {[%clk 00:05:14] [%emt 00:03:58]} Be7 {[%clk 00:05:58] [%emt
00:00:53]} 40. Be3 {[%clk 00:03:47] [%emt 00:01:57]} Qa6 {[%clk 00:05:20] [%emt
00:01:08]} 41. Ng1 {[%clk 00:43:08] [%emt 00:11:09]} Bd8 {[%clk 00:51:44] [%emt
00:04:07]} 42. Ne2 {[%clk 00:35:11] [%emt 00:08:27]} Na5 {[%clk 00:48:59] [%emt
00:03:15]} 43. Kf1 {[%clk 00:34:06] [%emt 00:01:34]} Nc6 {[%clk 00:43:34] [%emt
00:05:55]} 44. f4 {[%clk 00:30:28] [%emt 00:04:08]} Bh4 {[%clk 00:37:05] [%emt
00:06:59]} 45. Kg2 {[%clk 00:27:17] [%emt 00:03:41]} Be1 {[%clk 00:35:05] [%emt
00:02:30]} 46. f5 {[%clk 00:23:50] [%emt 00:03:57]} exf5 {[%clk 00:29:10] [%emt
00:06:25]} 47. gxf5 {[%clk 00:24:14] [%emt 00:00:05]} Bc3 {[%clk 00:25:32] [%emt
00:04:09]} 48. f6 {[%clk 00:14:17] [%emt 00:10:28]} Qc8 {[%clk 00:23:14] [%emt
00:02:48]} 49. Ng3 {[%clk 00:12:28] [%emt 00:02:19]} gxf6 {[%clk 00:20:24] [%emt
00:03:20]} 50. exf6 {[%clk 00:12:31] [%emt 00:00:26]} Qg4 {[%clk 00:12:33] [%emt
00:08:20]} 51. Qf5 {[%clk 00:11:18] [%emt 00:01:44]} Qxf5 {[%clk 00:10:09] [%emt
00:02:54]} 52. Nxf5 {[%clk 00:11:47]} Kh7 {[%clk 00:10:24] [%emt 00:00:16]} 53.
Kf3 {[%clk 00:05:54] [%emt 00:06:24]} Na5 {[%clk 00:10:09] [%emt 00:00:44]} 54.
Ke2 {[%clk 00:05:59] [%emt 00:00:24]} Nxb3 {[%clk 00:10:33] [%emt 00:00:06]} 55.
Kd3 {[%clk 00:06:26] [%emt 00:00:03]} Ba1 {[%clk 00:06:24] [%emt 00:04:39]} 56.
Ne7 {[%clk 00:05:25] [%emt 00:01:32]} Na5 {[%clk 00:06:48] [%emt 00:00:06]} 57.
Bd2 {[%clk 00:05:42] [%emt 00:00:13]} Nb3 {[%clk 00:06:33] [%emt 00:00:45]} 58.
Be3 {[%clk 00:06:10] [%emt 00:00:01]} Na5 {[%clk 00:06:58] [%emt 00:00:05]} 59.
Nxd5 {[%clk 00:03:14] [%emt 00:03:26]} b3 {[%clk 00:07:20] [%emt 00:00:08]} 60.
Nc3 {[%clk 00:01:06] [%emt 00:02:37]} Nc6 {[%clk 00:02:24] [%emt 00:05:26]} 61.
Nd5 {[%clk 00:10:59] [%emt 00:05:37]} Na5 {[%clk 00:08:33] [%emt 00:09:22]} 62.
Nc3 {[%clk 00:10:23] [%emt 00:01:06]} Nc6 {[%clk 00:08:14] [%emt 00:00:48]} 63.
Nb1 {[%clk 00:09:54] [%emt 00:00:59]} Nb8 {[%clk 00:06:16] [%emt 00:02:28]} 64.
Nd2 {[%clk 00:05:48] [%emt 00:04:36]} Nd7 {[%clk 00:01:14] [%emt 00:05:32]} 65.
Ne4 {[%clk 00:04:18] [%emt 00:02:00]} Nb6 {[%clk 00:01:27] [%emt 00:00:17]} 66.
Bf4 {[%clk 00:04:10] [%emt 00:00:38]} Nd5 {[%clk 00:01:16] [%emt 00:00:41]} 67.
Be5 {[%clk 00:03:30] [%emt 00:01:08]} Nb4+ {[%clk 00:01:32] [%emt 00:00:15]} 68.
Kc4 {[%clk 00:03:41] [%emt 00:00:20]} Nc6 {[%clk 00:01:40] [%emt 00:00:22]} 69.
Nc3 {[%clk 00:03:06] [%emt 00:01:04]} Nxe5+ {[%clk 00:00:47] [%emt 00:01:24]}
70. dxe5 {[%clk 00:03:33] [%emt 00:00:03]} Bxc3 {[%clk 00:00:48] [%emt
00:00:28]} 71. Kxc3 {[%clk 00:03:55] [%emt 00:00:08]} Kg8 {[%clk 00:01:15] [%emt
00:00:03]} 72. Kxb3 {[%clk 00:04:14] [%emt 00:00:11]} Kf8 {[%clk 00:01:40] [%emt
00:00:05]} 73. Kc4 {[%clk 00:04:22] [%emt 00:00:23]} Ke8 {[%clk 00:02:06] [%emt
00:00:04]} 74. Kc5 {[%clk 00:03:51] [%emt 00:01:01]} Kd7 {[%clk 00:01:39] [%emt
00:00:57]} 75. Kd5 {[%clk 00:04:13] [%emt 00:00:08]} Ke8 {[%clk 00:01:41] [%emt
00:00:29]} 76. Kc6 {[%clk 00:04:32] [%emt 00:00:10]} Kd8 {[%clk 00:02:02] [%emt
00:00:09]} 77. Kd6 {[%clk 00:04:55] [%emt 00:00:07]} 1-0

[Site "Europe Echecs"]